书目信息 |
| 题名: |
针织工艺学
|
|
| 作者: | 贺庆玉 主编 | |
| 分册: | ||
| 出版信息: | 北京 中国纺织出版社 2000.06 |
|
| 页数: | 340页 | |
| 开本: | 20cm | |
| 丛书名: | ||
| 单 册: | ||
| 中图分类: | TS184-43 , TS184 | |
| 科图分类: | ||
| 主题词: | 针织 | |
| 电子资源: | ||
| ISBN: | 7-5064-1806-1 | |
| 000 | 00669nam0 2200229 45 | |
| 001 | 0211180969 | |
| 005 | 20240903090713.94 | |
| 010 | @a7-5064-1806-1@d28.00元 | |
| 100 | @a20021118d2000 km y0chiy0120 ea | |
| 101 | 0 | @achi |
| 105 | @a z 000yy | |
| 200 | 1 | @a针织工艺学@AZhen Zhi Gong Yi Xue@e纬编分册@EWei Bian Fen Ce@f贺庆玉主编@FHe Qing Yu Zhu Bian |
| 210 | @a北京@c中国纺织出版社@d2000.06 | |
| 215 | @a340页@d20cm | |
| 300 | @a纺织职业技术教育教材 | |
| 517 | @a纬编分册@AWei Bian Fen Ce | |
| 606 | 0 | @a针织 |
| 690 | @aTS184-43@v3 | |
| 690 | @aTS184@v4 | |
| 701 | 0 | @a贺庆玉@4主编 |
| 801 | @aCN@bPftUser@c20021118 | |
| 905 | @aBZT@b343045-047@dTS184@e1@f1 | |
| 针织工艺学:纬编分册/贺庆玉主编.-北京:中国纺织出版社,2000.06 |
| 340页;20cm |
| 纺织职业技术教育教材 |
| ISBN 7-5064-1806-1:28.00元 |
| ● |
| 相关链接 |
|
|
|
正题名:针织工艺学
索取号:TS184/1
 
预约/预借
| 序号 | 登录号 | 条形码 | 馆藏地/架位号 | 状态 | 备注 |
| 1 | 2001061678 | 2001061678 | 样本书库/样008架B面2层1列/ [索取号:TS184/1] | 在馆 | |
| 2 | 343046 | 201389755 | 中心书库中库/ 中库025架B面7列7层30/ [索取号:TS184/1] | 在馆 |